Logos des Jeux olympiques d'hiver - Statistiques

Statistiques générales
  • Ce quiz a été pris 17 fois
  • Le résultat moyen est 7 sur 25
Statistiques - réponses
Par images Réponse % Correct
Milan/Cortina
81%
Saint-Moritz
56%
Sotchi
56%
Grenoble
44%
Pékin
44%
Vancouver
44%
Albertville
31%
Cortina
31%
Garmisch-Partenkirchen
31%
Turin
31%
Calgary
25%
Chamonix
25%
Innsbruck
25%
Lake Placid
25%
Lillehammer
25%
Nagano
19%
PyeongChang
19%
Salt Lake City
19%
Squaw Valley
19%
Innsbruck
13%
Lake Placid
13%
Oslo
13%
Saint-Moritz
13%
Sarajevo
13%
Sapporo
6%
Aucun quiz correspondant
Distribution des résultats
% des personnes avec chaque résultat
Percentile par nombre de réponses
Votre historique - résultats
Vous n’avez pas pris ce quiz